000 00610nam a2200193 i 4500
001 62258
003 ES-MaACL
005 20250907063045.0
007 t|
008 031119s1964 cu ||||1| spa d
100 1 _aFeijóo, Samuel,
_d1914-1992
_949109
245 1 0 _aCuerda menor (1937-1939) /
_cSamuel Feijoo.
250 _aEd. definitiva.
260 _a[La Habana] :
_bConsejo Nacional de Universidades, Universidad Central de Las Villas,
_c[1964]
300 _a157 p. ;
_c21 cm.
710 2 _aUniversidad Central de Las Villas.
_97082
852 4 _aES-MaACL
_jC-26312
999 _c62258
_d62258